[Event "Druzynowe Mistrzostwa Polski Juniorow - Ekstraliga 2021"]
[Site "Lublin"]
[Date "1899-12-30"]
[Round "7.15"]
[White "Sowinski, Pawel"]
[Black "Klimkowski, Jan"]
[Result "1-0"]
[WhiteTitle "I++"]
[BlackTitle "FM"]
[WhiteElo "2006"]
[BlackElo "2322"]

1. c4 Nf6 2. Nc3 e6 3. Nf3 Bb4 4. Qc2 c5 5. a3 Ba5 6. e3 O-O 7. Be2 d5 8. O-O dxc4
9. Bxc4 Bd7 10. b3 Bc6 11. Bb2 Nbd7 12. Be2 a6 13. d4 Bxf3 14. Bxf3 cxd4 15. exd4
Bxc3 16. Qxc3 Nd5 17. Bxd5 exd5 18. Qb4 Qb6 19. Qxb6 Nxb6 20. Rac1 f6 21. Rc7
Rf7 22. Rfc1 Re8 23. g3 Rd8 24. a4 Rxc7 25. Rxc7 Rd7 26. Rc5 Kf7 27. Bc3 Na8 28.
Ba5 b6 29. Rc8 bxa5 30. Rxa8 Rd6 31. Ra7+ Kg6 32. Rc7 Rb6 33. Rc5 Rxb3 34. Rxd5
Rb4 35. Rxa5 Rxd4 36. Rxa6 Rb4 37. Ra7 h5 38. h4 Kh6 39. Kg2 g5 40. Ra6 Kg6 41.
hxg5 Kxg5 42. Ra8 h4 43. a5 Ra4 44. a6 hxg3 45. a7 Kf5 46. fxg3 Ra1 47. Kf3 Ra3+
48. Ke2 Ra5 49. Kd3 Ra3+ 50. Kc4 Ra5 51. Kd4 Ra4+ 52. Kc5 Ra5+ 53. Kb6 Ra3 1-0

[Event "Druzynowe Mistrzostwa Polski Juniorow - Ekstraliga 2021"]
[Site "Lublin"]
[Date "1899-12-30"]
[Round "7.16"]
[White "Rog, Bartlomiej"]
[Black "Krawczyk, Flawian"]
[Result "0-1"]
[WhiteTitle "I++"]
[BlackTitle "I+"]
[WhiteElo "1872"]
[BlackElo "1942"]

1. e4 c5 2. Nf3 Nc6 3. Bb5 g6 4. O-O Bg7 5. Nc3 e5 6. a3 Nge7 7. b4 d6 8. bxc5
dxc5 9. Bc4 O-O 10. Rb1 b6 11. d3 Bg4 12. h3 Bxf3 13. Qxf3 Nd4 14. Qd1 Kh8 15.
Nd5 Rc8 16. f4 b5 17. Ba2 c4 18. c3 Nxd5 19. exd5 Nf5 20. Rxb5 cxd3 21. Qxd3 e4
22. Qd1 Rxc3 23. Bb1 Nd4 24. Rb4 Rxc1 0-1

[Event "Druzynowe Mistrzostwa Polski Juniorow - Ekstraliga 2021"]
[Site "Lublin"]
[Date "1899-12-30"]
[Round "7.17"]
[White "Wikar, Martyna"]
[Black "Siekanska, Zuzanna"]
[Result "1-0"]
[WhiteTitle "k++"]
[BlackTitle "I++"]
[WhiteElo "2125"]
[BlackElo "1783"]

1. e4 e5 2. Nf3 Nc6 3. Bc4 Nf6 4. d3 Bc5 5. O-O O-O 6. Bb3 d5 7. exd5 Nxd5 8. Re1
Bg4 9. h3 Bh5 10. Nbd2 Nf4 11. Ne4 Nd4 12. Bxf4 Bxf3 13. gxf3 exf4 14. c3 Ne6
15. d4 Bd6 16. Kh2 Ng5 17. Rg1 h6 18. Qd3 Re8 19. Nxg5 hxg5 20. Qf5 Qf6 21. Rxg5
Qxf5 22. Rxf5 Re7 23. Rg1 Kf8 24. Rh5 Kg8 25. Rhg5 Re2 26. Rxg7+ Kh8 27. R7g5
Rxf2+ 28. Kh1 1-0

[Event "Druzynowe Mistrzostwa Polski Juniorow - Ekstraliga 2021"]
[Site "Lublin"]
[Date "1899-12-30"]
[Round "7.18"]
[White "Siekanska, Maria"]
[Black "Pawicka, Magdalena"]
[Result "1/2-1/2"]
[WhiteTitle "k"]
[BlackTitle "k+"]
[WhiteElo "1903"]
[BlackElo "1799"]

1. d4 d5 2. c4 e6 3. Nc3 Nf6 4. cxd5 exd5 5. Bg5 c6 6. e3 Be7 7. Bd3 O-O 8. Nge2
Nbd7 9. O-O Re8 10. Qc2 Nf8 11. f3 g6 12. Rad1 Ne6 13. Bh4 b5 14. Bf2 Bb7 15.
e4 dxe4 16. fxe4 Ng4 17. Kh1 Nxf2+ 18. Rxf2 Nxd4 19. Nxd4 Qxd4 20. Bxb5 Qc5 21.
Ba4 Rad8 22. Rxd8 Bxd8 23. Bb3 Rf8 24. Na4 Qxc2 25. Rxc2 Bb6 26. Nc5 Bxc5 27.
Rxc5 Rd8 28. Rc4 c5 29. Rxc5 Bxe4 30. Re5 Bc6 31. Rc5 Be4 32. Rc7 Bd5 33. Bxd5
Rxd5 34. h4 Rd2 35. Rxa7 Rxb2 36. Kh2 h5 37. a4 Rb3 38. a5 Ra3 39. a6 Kg7 40.
Ra8 Kf6 41. Ra7 Ke5 1/2-1/2

[Event "Druzynowe Mistrzostwa Polski Juniorow - Ekstraliga 2021"]
[Site "Lublin"]
[Date "1899-12-30"]
[Round "7.19"]
[White "Karolczuk, Iwo"]
[Black "Warchol, Bartosz"]
[Result "1-0"]
[WhiteTitle "k"]
[BlackTitle "I++"]
[WhiteElo "2074"]
[BlackElo "1965"]

1. Nf3 d5 2. g3 Nf6 3. Bg2 c5 4. O-O Nc6 5. d4 Bf5 6. c4 e6 7. cxd5 exd5 8. Nc3
Be7 9. Bg5 O-O 10. dxc5 Bxc5 11. Bxf6 Qxf6 12. Qxd5 Bb4 13. Rac1 Rfe8 14. Qb5
Bxc3 15. Rxc3 Re7 16. e3 Rd8 17. Nh4 Bg4 18. h3 Be6 19. Bxc6 bxc6 20. Qxc6 Red7
21. Qf3 Qxf3 22. Nxf3 Bxh3 23. Rfc1 Rd1+ 24. Kh2 Be6 25. a3 h6 26. Nd4 Rxc1 27.
Rxc1 Bd5 28. b4 Be4 29. a4 Kf8 30. b5 Ke7 31. g4 Rd7 32. Kg3 Bb7 33. a5 Bd5 34.
Rc8 Rb7 35. Kf4 Kf6 36. Rc5 Be6 37. b6 axb6 38. Rb5 Ke7 39. a6 Rc7 40. a7 Rc8
41. Nc6+ Kd6 42. Rxb6 g5+ 43. Kg3 Ra8 44. Rb8 1-0

[Event "Druzynowe Mistrzostwa Polski Juniorow - Ekstraliga 2021"]
[Site "Lublin"]
[Date "1899-12-30"]
[Round "7.20"]
[White "Krupinski, Mikolaj"]
[Black "Backiel, Hubert"]
[Result "0-1"]
[WhiteTitle "I"]
[BlackTitle "I+"]
[WhiteElo "1830"]
[BlackElo "2010"]

1. e4 c5 2. Nf3 e6 3. d4 cxd4 4. Nxd4 Nf6 5. Nc3 d6 6. g4 h6 7. Rg1 Nc6 8. Be3
a6 9. Qf3 Ne5 10. Qh3 Nexg4 11. Rxg4 Nxg4 12. Qxg4 e5 13. Nf5 g6 14. O-O-O gxf5
15. exf5 h5 16. Qe4 Bd7 17. Qxb7 Rb8 18. Qe4 Rg8 19. f4 Qa5 20. Rd5 Qb4 21. Qxb4
Rxb4 22. fxe5 Bc6 23. Ra5 dxe5 24. Rxe5+ Kd7 25. Nd5 Bxd5 26. Rxd5+ Kc7 27. c3
Re4 28. Kd2 Bd6 29. Kd3 Re5 30. Rxe5 Bxe5 31. h3 f6 32. Ke4 Rb8 33. Bc1 a5 34.
Be2 h4 35. Bd1 Rg8 36. Bg4 Kc6 37. Bd2 Rb8 38. Bc1 Rd8 39. Be3 Rb8 40. Bc1 Bg3
41. b3 Re8+ 42. Kf3 Re1 43. Bd2 Ra1 44. a4 Ra3 45. c4 Rxb3+ 46. Ke4 Ra3 47. Bxa5
Rxa4 48. Bd2 Rxc4+ 49. Kf3 Ra4 50. Be3 Kd5 51. Bd2 Ra3+ 52. Be3 Ke5 53. Ke2 Ke4
54. Bc5 Ra2+ 55. Kf1 Bf4 56. Bf2 Bg5 57. Be1 Ke3 58. Bb4 Rf2+ 59. Kg1 Rb2 60.
Bc5+ Ke4 61. Bd6 Be3+ 62. Kh1 Rb1+ 63. Kg2 Rg1+ 64. Kh2 Rxg4 65. hxg4 Bf4+ 66.
Kh3 Bxd6 67. Kxh4 Bf4 68. Kh5 Bg5 69. Kg6 Ke5 0-1

[Event "Druzynowe Mistrzostwa Polski Juniorow - Ekstraliga 2021"]
[Site "Lublin"]
[Date "1899-12-30"]
[Round "7.21"]
[White "Rekuc, Patryk"]
[Black "Malek, Jan"]
[Result "1-0"]
[WhiteTitle "II"]
[BlackTitle "I++"]
[WhiteElo "1570"]
[BlackElo "2097"]

1. e4 g6 2. d4 Bg7 3. Nc3 a6 4. f4 d6 5. Nf3 b5 6. a3 Bb7 7. Bd3 c5 8. dxc5 dxc5
9. e5 Nc6 10. Be3 Nd4 11. Nxd4 cxd4 12. Bxd4 Bxg2 13. Rg1 Bc6 14. Bf2 Qc7 15.
Qe2 O-O-O 16. a4 Rxd3 17. Qxd3 b4 18. Nd5 Qa5 19. Nb6+ Kc7 20. Qb3 e6 21. Rd1
Ne7 22. Qd3 Nf5 23. b3 f6 24. Qc4 Re8 25. Rd7+ 1-0

[Event "Druzynowe Mistrzostwa Polski Juniorow - Ekstraliga 2021"]
[Site "Lublin"]
[Date "1899-12-30"]
[Round "7.22"]
[White "Wydmanski, Szymon"]
[Black "Ptaszynski, Szymon"]
[Result "0-1"]
[WhiteTitle "I"]
[BlackTitle "II+"]
[WhiteElo "1697"]
[BlackElo "1494"]

1. e4 c5 2. Nf3 d6 3. d4 cxd4 4. Nxd4 Nf6 5. Nc3 a6 6. Bg5 e6 7. f4 Be7 8. Qf3
Nbd7 9. O-O-O Qc7 10. g4 h6 11. Bxf6 Bxf6 12. h4 Qb6 13. Nde2 Nc5 14. Bg2 Bd7
15. g5 Be7 16. g6 fxg6 17. f5 O-O 18. Nf4 gxf5 19. Ng6 Bf6 20. Nxf8 Rxf8 21. exf5
Be5 22. Qg4 exf5 23. Qc4+ Be6 24. Bd5 Bxd5 25. Rxd5 Kh8 26. b3 Qa5 27. Rxe5 dxe5
28. Kb1 Qb6 29. Nd5 Qd6 30. Rd1 Ne4 31. Rd3 Qc5 32. Qa4 Rd8 33. c4 Qg1+ 34. Kc2
Qf2+ 35. Kc1 Qf1+ 36. Rd1 Qxd1+ 37. Kxd1 Nc3+ 38. Kd2 Nxa4 39. bxa4 g5 40. hxg5
hxg5 41. Ke3 Kg7 42. Nc7 Rc8 0-1

[Event "Druzynowe Mistrzostwa Polski Juniorow - Ekstraliga 2021"]
[Site "Lublin"]
[Date "1899-12-30"]
[Round "7.23"]
[White "Marcinczyk, Monika"]
[Black "Dylag, Emilia"]
[Result "0-1"]
[WhiteTitle "WCM"]
[BlackTitle "WFM"]
[WhiteElo "2090"]
[BlackElo "2116"]

1. e4 e5 2. Nf3 Nc6 3. Bc4 Bc5 4. c3 Nf6 5. d3 d6 6. O-O a6 7. Bb3 Ba7 8. Nbd2
O-O 9. h3 h6 10. Re1 Be6 11. Nf1 Re8 12. Ng3 d5 13. exd5 Bxd5 14. Bc2 Bc5 15.
Nh4 Bf8 16. Nhf5 Qd7 17. b4 Rad8 18. Bb2 g6 19. Ne3 Be6 20. Qf3 Nh7 21. Ng4 Bg7
22. Bc1 f5 23. Nxh6+ Kh8 24. Nf1 Qe7 25. g4 f4 26. Bxf4 Rf8 27. Nf5 gxf5 28. Be3
Bd5 29. Qe2 Qh4 30. c4 Be6 31. gxf5 Bxf5 32. Bc5 Nd4 33. Bxd4 Rxd4 34. Ng3 Ng5
35. Qh5+ Qxh5 36. Nxh5 Nf3+ 0-1

[Event "Druzynowe Mistrzostwa Polski Juniorow - Ekstraliga 2021"]
[Site "Lublin"]
[Date "1899-12-30"]
[Round "7.24"]
[White "Szopa, Emilia"]
[Black "Szczotka, Klara"]
[Result "0-1"]
[WhiteTitle "I++"]
[BlackTitle "k"]
[WhiteElo "1688"]
[BlackElo "1934"]

1. e4 c5 2. Nf3 e6 3. d4 cxd4 4. Nxd4 a6 5. Bd3 Bc5 6. Nb3 Ba7 7. c4 d6 8. Nc3
Nc6 9. Bb1 Ne5 10. Qe2 Qc7 11. Nd2 Ne7 12. f4 N5c6 13. Nf3 Bd7 14. Be3 Bxe3 15.
Qxe3 Na5 16. b3 Rc8 17. Ne2 O-O 18. O-O Qc5 19. Qxc5 dxc5 20. Nc3 Rfd8 21. Bd3
Be8 22. Rad1 Nec6 23. Bb1 Na7 24. e5 b5 25. Ne4 Nb7 26. cxb5 axb5 27. Rxd8 Rxd8
28. Rc1 Rd5 29. Kf2 Kf8 30. h4 h6 31. Nd6 Nxd6 32. exd6 Rxd6 33. Rxc5 Rc6 34.
Rxc6 Nxc6 35. a3 Ke7 36. Ke3 Kd6 37. Nd4 Ne7 38. Bd3 Nd5+ 39. Ke4 Nc3+ 40. Ke3
Nd5+ 41. Kf3 Kc5 42. Nc2 b4 43. a4 Bc6 44. g4 Nf6+ 45. Kg3 Bd5 46. g5 hxg5 47.
fxg5 Nh5+ 48. Kg4 g6 49. Bc4 Bxc4 50. bxc4 b3 51. Na3 Kb4 52. a5 Kxa5 53. c5 Ng7
54. Nc4+ Kb5 55. c6 Ne8 56. Nd2 b2 57. h5 gxh5+ 58. Kxh5 Kxc6 59. g6 fxg6+ 60.
Kxg6 Kd5 61. Kg5 Nd6 62. Kf4 e5+ 63. Kf3 Nc4 64. Nb1 Kd4 65. Ke2 e4 66. Kd1 Kd3
0-1

[Event "Druzynowe Mistrzostwa Polski Juniorow - Ekstraliga 2021"]
[Site "Lublin"]
[Date "1899-12-30"]
[Round "7.25"]
[White "Panek, Bartosz"]
[Black "Teclaf, Pawel"]
[Result "0-1"]
[WhiteTitle "I+"]
[BlackTitle "IM"]
[WhiteElo "1878"]
[BlackElo "2514"]

1. d4 Nf6 2. c4 b6 3. Nc3 Bb7 4. Bf4 e6 5. e3 Bb4 6. Nf3 Ne4 7. Qc2 O-O 8. Bd3
f5 9. Rg1 Qe7 10. a3 Bxc3+ 11. bxc3 Nf6 12. h3 d6 13. Bh2 Nc6 14. O-O-O Na5 15.
Nd2 Ne4 16. Bxe4 Bxe4 17. Nxe4 fxe4 18. d5 e5 19. Rgf1 Qd7 20. Qxe4 Qa4 21. Kd2
Qxa3 0-1

[Event "Druzynowe Mistrzostwa Polski Juniorow - Ekstraliga 2021"]
[Site "Lublin"]
[Date "1899-12-30"]
[Round "7.26"]
[White "Niedbala, Bartlomiej"]
[Black "Piechota, Kamil"]
[Result "1-0"]
[WhiteTitle "FM"]
[BlackTitle "I"]
[WhiteElo "2360"]
[BlackElo "1649"]

1. Nf3 Nf6 2. g3 g6 3. b3 Bg7 4. Bb2 d6 5. d4 O-O 6. Bg2 Nbd7 7. O-O c5 8. c4 Rb8
9. Nc3 a6 10. a4 cxd4 11. Nxd4 Nc5 12. a5 Bd7 13. b4 Ne6 14. Na4 Bxa4 15. Qxa4
Nxd4 16. Bxd4 Nd7 17. Bxg7 Kxg7 18. Rac1 Nf6 19. Rfd1 b5 20. cxb5 Rxb5 21. Bc6
Rb8 22. b5 Qc8 23. b6 Qf5 24. Kg2 Ng4 25. Bf3 Ne5 26. Qd4 Kg8 27. Qf4 Qxf4 28.
gxf4 Nxf3 29. Kxf3 Rfc8 30. Ke4 Kf8 31. Kd5 Ke8 32. e4 Kd7 33. h4 e6+ 34. Kd4
h5 35. f5 Ke7 36. fxg6 fxg6 37. f4 Kf6 38. e5+ dxe5+ 39. fxe5+ Ke7 40. Ke4 Kf7
41. Rxc8 Rxc8 42. b7 1-0

[Event "Druzynowe Mistrzostwa Polski Juniorow - Ekstraliga 2021"]
[Site "Lublin"]
[Date "1899-12-30"]
[Round "7.27"]
[White "Kubik, Rafal"]
[Black "Warchol, Kamil"]
[Result "0-1"]
[WhiteTitle "I"]
[BlackTitle "CM"]
[WhiteElo "1761"]
[BlackElo "2126"]

1. e4 c5 2. c3 d5 3. exd5 Qxd5 4. d4 Nc6 5. Nf3 Bf5 6. Be3 Nf6 7. c4 Qd7 8. d5
Nb4 9. Na3 e6 10. Ne5 Qd6 11. Qa4+ Nd7 12. Qxd7+ Qxd7 13. Nxd7 Kxd7 14. dxe6+
Kxe6 15. Be2 Rd8 16. O-O a6 17. Rfe1 Kf6 18. g4 Be4 19. f3 Bc6 20. Kf2 g5 21.
h4 h6 22. Rec1 gxh4 23. Rh1 Kg6 24. Rxh4 Bg7 25. Rah1 Bxb2 26. Nb1 Bg7 27. a3
Nd3+ 28. Bxd3+ Rxd3 29. Ke2 Rd7 30. Bxc5 Re8+ 31. Kf2 Rd3 32. R4h3 b6 33. Bxb6
Rb8 34. Be3 Rb2+ 35. Nd2 Rdxd2+ 36. Bxd2 Rxd2+ 37. Kg3 Be5+ 38. Kh4 Rg2 0-1

[Event "Druzynowe Mistrzostwa Polski Juniorow - Ekstraliga 2021"]
[Site "Lublin"]
[Date "1899-12-30"]
[Round "7.28"]
[White "Herwy, Jakub"]
[Black "Karwot, Marek"]
[Result "1-0"]
[WhiteTitle "I+"]
[BlackTitle "II"]
[WhiteElo "1907"]
[BlackElo "1395"]

1. e4 d5 2. exd5 Nf6 3. d4 Bg4 4. Nf3 Qxd5 5. Be2 Nc6 6. c4 Qf5 7. Be3 O-O-O 8.
O-O e5 9. d5 e4 10. Nd4 Nxd4 11. Bxd4 Bxe2 12. Qxe2 c5 13. Bxf6 gxf6 14. Nc3 Re8
15. Rfe1 Rg8 16. Nxe4 Kb8 17. Ng3 Rxe2 18. Nxf5 Rxb2 19. Rab1 Rxb1 20. Rxb1 Rg5
21. Ne3 Bd6 22. Rb3 Kc7 23. g3 b6 24. Kg2 Rh5 25. f4 f5 26. h4 Kd7 27. Kf3 Be7
28. Ra3 a5 29. Rb3 Bd8 30. a4 Kd6 31. Ng2 Rh6 32. Re3 Kd7 33. Re5 Rf6 34. Ne3
Bc7 35. Rxf5 Rxf5 36. Nxf5 Bd8 37. g4 Ke8 38. g5 Kf8 39. Ke4 f6 40. Ng3 fxg5 41.
hxg5 Kf7 42. Kf5 b5 43. cxb5 c4 44. Ne4 Bc7 45. d6 Bd8 46. Ke5 1-0

[Event "Druzynowe Mistrzostwa Polski Juniorow - Ekstraliga 2021"]
[Site "Lublin"]
[Date "1899-12-30"]
[Round "7.29"]
[White "Bugaj, Hanna"]
[Black "Adamczyk, Zuzanna"]
[Result "0-1"]
[WhiteTitle "I++"]
[BlackTitle "WCM"]
[WhiteElo "1769"]
[BlackElo "1921"]

1. d4 Nf6 2. c4 e6 3. Nf3 d5 4. cxd5 exd5 5. Nc3 c6 6. Bg5 h6 7. Bh4 Bf5 8. e3
Be7 9. Bd3 Bxd3 10. Qxd3 O-O 11. O-O Nbd7 12. Nd2 Re8 13. Rfe1 Nf8 14. Rad1 Ng6
15. Bxf6 Bxf6 16. b4 a6 17. a4 Qd6 18. Rb1 Bd8 19. g3 Bb6 20. Nb3 Bc7 21. Nc5
b5 22. a5 Qd8 23. Rbc1 Bd6 24. Nb7 Qd7 25. Nxd6 Qxd6 26. Na2 Re6 27. Rc5 Nf8 28.
Rec1 Rc8 29. Qf5 g6 30. Qf3 Qd8 31. R1c2 Nd7 32. R5c3 Nf6 33. Nc1 Ne4 34. Rb3
Rf6 35. Qg2 Qd7 36. h4 Qg4 37. Rd3 g5 38. Nb3 Kh7 39. Nc5 Nxc5 40. Rxc5 gxh4 41.
gxh4 Qe2 0-1

[Event "Druzynowe Mistrzostwa Polski Juniorow - Ekstraliga 2021"]
[Site "Lublin"]
[Date "1899-12-30"]
[Round "7.30"]
[White "Salamon, Julia"]
[Black "Sprzeczka, Emilia"]
[Result "1-0"]
[WhiteTitle "I+"]
[BlackTitle "I"]
[WhiteElo "1504"]
[BlackElo "1431"]

1. d4 Nf6 2. Nf3 e6 3. c4 b6 4. Nc3 Bb4 5. e3 Bb7 6. Be2 O-O 7. O-O Bxc3 8. bxc3
Ne4 9. Qc2 f5 10. Bd3 d6 11. Nd2 Nxd2 12. Bxd2 Nd7 13. f3 Qg5 14. e4 f4 15. e5
dxe5 16. Bxh7+ Kh8 17. Be4 Bxe4 18. Qxe4 Rad8 19. Rad1 Rf6 20. dxe5 Qxe5 21. Qc6
Rg6 22. Rde1 Qg5 23. Re2 Ne5 24. Qxc7 Rd3 25. Bxf4 Qxf4 26. Qxe5 Qxe5 27. Rxe5
Rd2 28. g3 Rh6 29. h4 Rg6 30. g4 Rxa2 31. Rfe1 Rf6 32. R1e3 Rf4 33. Rxe6 Rxc4
34. Re7 Ra3 35. g5 Kh7 36. h5 Rc5 37. f4 Ra1+ 38. Kg2 Rc6 39. h6 Rg6 40. Rh3 Ra2+
41. Kf1 Ra1+ 42. Ke2 Ra2+ 43. Kf3 Rxh6 44. Rxh6+ Kg8 45. Rg6 Rc2 46. Rgxg7+ Kh8
47. Rgf7 Rxc3+ 48. Kg4 Kg8 49. g6 Rc8 50. Rxa7 b5 51. g7 b4 52. Rf8+ Rxf8 53.
gxf8=R+ Kxf8 54. Rb7 b3 55. Rxb3 Kf7 56. Rb6 Kg7 57. Kf5 Kf7 58. Rb7+ Kg8 59.
Kf6 Kf8 60. Rb8# 1-0

[Event "Druzynowe Mistrzostwa Polski Juniorow - Ekstraliga 2021"]
[Site "Lublin"]
[Date "1899-12-30"]
[Round "8.1"]
[White "Luczak, Filip"]
[Black "Teclaf, Pawel"]
[Result "1-0"]
[WhiteTitle "FM"]
[BlackTitle "IM"]
[WhiteElo "2313"]
[BlackElo "2514"]

1. b3 Nf6 2. Bb2 b6 3. Nf3 Bb7 4. e3 g6 5. c4 c5 6. Bxf6 exf6 7. Nc3 Bg7 8. Be2
f5 9. O-O O-O 10. Rc1 Nc6 11. d4 d6 12. dxc5 dxc5 13. Qxd8 Rfxd8 14. Nd5 Rd6 15.
Rfd1 Rad8 16. Kf1 Kf8 17. h3 h6 18. Ne1 Na5 19. Nc3 Rd2 20. Nb1 Rxd1 21. Rxd1
Rxd1 22. Bxd1 Ke7 23. Bf3 Bc8 24. Nd3 Kd6 25. Ke2 Bd7 26. Bd5 Be8 27. Kd2 b5 28.
Nc3 a6 29. f4 Nc6 30. g3 Ne7 31. Bb7 b4 32. Nd5 Nxd5 33. Bxd5 Bc3+ 34. Ke2 g5
35. Nf2 f6 36. h4 Bh5+ 37. Bf3 Bf7 38. Nd1 Ba1 39. Kd3 a5 40. Kc2 Kc7 41. Kb1
Bc3 42. Nxc3 bxc3 43. Kc2 gxh4 44. gxh4 Be6 45. Kxc3 Bd7 46. a3 Bc8 47. Bg2 Be6
48. b4 axb4+ 49. axb4 Kd6 50. Bh3 Bd7 51. Kb3 Kc6 52. Bg2+ Kb6 53. Kc3 Be8 54.
Bd5 Bd7 55. b5 Kc7 56. Bg2 Be8 57. Bh3 Bg6 58. Kd3 Kd6 59. Bg2 Kc7 60. Bd5 Kb6
61. Kc3 Kc7 62. Kb3 Bh5 63. Be6 Bg4 64. Kc3 Kd6 65. Bd5 Kc7 66. Kd3 Bh5 67. Bg8
Bf3 68. Kc3 Be4 69. Bd5 Bb1 70. Bf3 1-0

[Event "Druzynowe Mistrzostwa Polski Juniorow - Ekstraliga 2021"]
[Site "Lublin"]
[Date "1899-12-30"]
[Round "8.2"]
[White "Niedbala, Bartlomiej"]
[Black "Poltorak, Sebastian"]
[Result "1-0"]
[WhiteTitle "FM"]
[BlackTitle "k"]
[WhiteElo "2360"]
[BlackElo "2181"]

1. e4 c5 2. Nf3 Nc6 3. Bb5 e5 4. O-O Bd6 5. c3 a6 6. Ba4 b5 7. Bb3 Bb7 8. d3 Nf6
9. Nh4 O-O 10. Nf5 Be7 11. Bg5 Ne8 12. Nxe7+ Nxe7 13. Qg4 Kh8 14. Nd2 d6 15. f4
exf4 16. Rxf4 f6 17. Qh5 Ng8 18. Raf1 d5 19. exd5 Bxd5 20. Rh4 h6 21. Bxh6 Nxh6
22. Bxd5 Ra7 23. Be4 Nd6 24. Qxc5 Re7 25. Bg6 Re5 26. Qa7 Re7 27. Qd4 Re2 28.
Qf4 Qe7 29. Ne4 Nxe4 30. Bxe4 Rd8 31. Qf5 Kg8 32. Rxh6 Rxe4 33. Qh7+ Kf8 34. Rfxf6+
Ke8 35. Qg8+ Kd7 36. Rd6+ Kc7 37. Qxd8+ 1-0

[Event "Druzynowe Mistrzostwa Polski Juniorow - Ekstraliga 2021"]
[Site "Lublin"]
[Date "1899-12-30"]
[Round "8.3"]
[White "Meers, Hubert"]
[Black "Warchol, Kamil"]
[Result "1/2-1/2"]
[WhiteTitle "k"]
[BlackTitle "CM"]
[WhiteElo "1974"]
[BlackElo "2126"]

1. e4 c5 2. Nf3 d6 3. d4 cxd4 4. Nxd4 Nf6 5. Nc3 Nc6 6. Bg5 Qb6 7. Be3 a6 8. Nxc6
Qxc6 9. f3 e6 10. Bd3 Be7 11. O-O b5 12. Ne2 O-O 13. Nd4 Qc7 14. c3 Bb7 15. a4
bxa4 16. Rxa4 d5 17. Qe2 Bd6 18. e5 Bxe5 19. f4 Bxd4 20. Bxd4 Ne4 21. Bxa6 Nc5
22. Bxc5 Qxc5+ 23. Kh1 Qd6 24. Bb5 Rxa4 25. Bxa4 Ra8 26. Bc2 g6 27. Qd2 Qb6 28.
Rb1 Ra2 29. Qd4 Qxd4 30. cxd4 Ba6 31. Kg1 Bc4 32. Kf2 Kf8 33. Ke3 Ke7 34. Kd2
Kd6 35. Kc3 Ke5 1/2-1/2

[Event "Druzynowe Mistrzostwa Polski Juniorow - Ekstraliga 2021"]
[Site "Lublin"]
[Date "1899-12-30"]
[Round "8.4"]
[White "Herwy, Jakub"]
[Black "Dziewonski, Dariusz"]
[Result "0-1"]
[WhiteTitle "I+"]
[BlackTitle "I++"]
[WhiteElo "1907"]
[BlackElo "1963"]

1. e4 c5 2. d3 Nc6 3. f4 d5 4. Be2 dxe4 5. dxe4 Qxd1+ 6. Bxd1 b6 7. c3 Bb7 8. Na3
e6 9. Bf3 O-O-O 10. Nh3 h6 11. Be3 Nf6 12. Rd1 Rxd1+ 13. Kxd1 Be7 14. Kc2 Nxe4
15. Bxe4 Nb4+ 16. cxb4 Bc6 17. Bd5 Bxd5 18. Kd2 Bxg2 19. Nf2 Bxh1 20. Nxh1 cxb4
21. Nc4 Bc5 22. Bxc5 bxc5 23. Nf2 Rd8+ 24. Ke3 f6 25. b3 Kc7 26. h3 Rd5 27. Nd3
Rh5 28. Nf2 Kc6 29. Nd2 Rd5 30. Nc4 Kb5 31. Nd3 a5 32. a4+ bxa3 33. Nxa3+ Ka6
34. Nc4 Rh5 35. Nf2 Kb5 36. Kd3 Rh4 37. Ke3 Kb4 38. Nd2 Rh5 39. Kd3 Rd5+ 40. Kc2
Kb5 41. Nde4 Rd4 42. Nc3+ Kc6 43. Ne2 Rd8 44. Kc3 Ra8 45. Nc1 a4 46. bxa4 Rxa4
47. Ncd3 Kd5 48. Kd2 Kd4 49. Nc1 Ra3 50. Ne2+ Kc4 51. h4 f5 52. Nc1 Rf3 53. Ncd3
Kd4 54. Ke2 Re3+ 55. Kd2 c4 56. Ne5 c3+ 57. Kc1 c2 0-1

[Event "Druzynowe Mistrzostwa Polski Juniorow - Ekstraliga 2021"]
[Site "Lublin"]
[Date "1899-12-30"]
[Round "8.5"]
[White "Zabrzanska, Weronika"]
[Black "Adamczyk, Zuzanna"]
[Result "1/2-1/2"]
[WhiteTitle "k"]
[BlackTitle "WCM"]
[WhiteElo "1976"]
[BlackElo "1921"]

1. e4 d6 2. d4 Nf6 3. Bd3 e5 4. Nf3 Nbd7 5. dxe5 dxe5 6. Nbd2 Bc5 7. Nc4 O-O 8.
O-O Re8 9. Be3 Bxe3 10. Nxe3 Nc5 11. Nc4 Bg4 12. Qe2 b5 13. Ne3 Bxf3 14. Qxf3
Nxd3 15. Rfd1 Qd4 16. cxd3 Qxb2 17. Nf5 Qa3 18. Rac1 Rac8 19. Rc6 Re6 20. Rdc1
Ne8 21. h4 Qf8 22. Qg4 Kh8 23. h5 Rd8 24. h6 g6 25. Rxe6 fxe6 26. Ng7 Nxg7 27.
hxg7+ Qxg7 28. Qxe6 Rf8 29. f3 Qf6 30. Qxf6+ Rxf6 31. Rxc7 Ra6 32. Rc5 b4 33.
Rb5 Ra4 34. Rxe5 Rxa2 35. Rb5 a5 36. d4 Kg7 37. d5 Kf6 38. d6 Ke6 39. Rd5 Kd7
40. e5 b3 41. e6+ Kxe6 42. d7 Kxd5 43. d8=Q+ Kc4 44. Qc7+ Kd3 45. Qd6+ Kc2 46.
Qc5+ Kb1 47. Qc3 Ra3 48. Qd3+ Ka2 49. Qc4 Ka1 50. Qc1+ Ka2 51. Qc4 Ka1 52. Qc1+
Ka2 53. Qc4 Ka1 1/2-1/2

[Event "Druzynowe Mistrzostwa Polski Juniorow - Ekstraliga 2021"]
[Site "Lublin"]
[Date "1899-12-30"]
[Round "8.6"]
[White "Salamon, Julia"]
[Black "Tokarz, Izabela"]
[Result "1/2-1/2"]
[WhiteTitle "I+"]
[BlackTitle "I++"]
[WhiteElo "1504"]
[BlackElo "1621"]

1. d4 d5 2. c4 e6 3. Nc3 Nf6 4. Nf3 Nbd7 5. e3 Be7 6. Bd3 O-O 7. O-O c5 8. Qe2
cxd4 9. exd4 dxc4 10. Bxc4 Nb6 11. Bd3 Nbd5 12. Rd1 a6 13. Bd2 Bd7 14. Rac1 Bc6
15. Bg5 Rc8 16. Ne5 Qd6 17. Nc4 Nxc3 18. bxc3 Qd5 19. f4 Rce8 20. Ne3 Qd7 21.
Bxf6 Bxf6 22. Ng4 Bd8 23. Ne5 Qd5 24. Nxc6 Qxc6 25. Be4 Qc7 26. g3 Bf6 27. c4
b6 28. Qc2 g6 29. Rd2 Kg7 30. Rcd1 Rc8 31. Rc1 Rfd8 32. d5 Qc5+ 33. Kg2 exd5 34.
Rxd5 Qe3 35. Rcd1 Rxd5 36. Bxd5 Re8 37. Bf3 a5 38. Qd3 Qc5 39. Be4 Rd8 40. Qc2
Rxd1 41. Qxd1 Qxc4 42. Bd5 Qc3 43. Bb3 Qe3 44. a4 Bd4 45. Qf3 Qe7 46. Qd3 Qf6
47. Qc4 h5 48. h4 Bc5 49. Qd5 Qb2+ 50. Kh3 Qf6 51. Kg2 Qe7 52. Qe5+ Qxe5 53. fxe5
Kf8 54. e6 fxe6 55. Bxe6 Ke7 56. Bc4 Kf6 57. Kf3 Bb4 58. Bb5 Bc3 59. Bc4 Bd2 60.
Bb5 Bb4 61. Bc6 Be1 62. Bb5 Kg7 63. Bc4 Kh6 64. Bb5 g5 65. hxg5+ Kxg5 66. Bc6
Bc3 67. Bb5 Bd4 68. Bc6 Kf6 69. Bb5 Kg5 1/2-1/2

[Event "Druzynowe Mistrzostwa Polski Juniorow - Ekstraliga 2021"]
[Site "Lublin"]
[Date "1899-12-30"]
[Round "8.7"]
[White "Warchol, Bartosz"]
[Black "Panek, Bartosz"]
[Result "0-1"]
[WhiteTitle "I++"]
[BlackTitle "I+"]
[WhiteElo "1965"]
[BlackElo "1878"]

1. d4 Nf6 2. c4 g6 3. g3 Bg7 4. Bg2 d5 5. cxd5 Nxd5 6. e4 Nb6 7. Ne2 O-O 8. O-O
Bg4 9. f3 Be6 10. Nbc3 Bc4 11. b3 Ba6 12. Be3 Nc6 13. Qd2 Qd7 14. Rfd1 Rfd8 15.
a4 e6 16. a5 Nc8 17. Ra4 Nd6 18. d5 Ne5 19. Nd4 exd5 20. Nxd5 c6 21. Nc3 Ne8 22.
h3 c5 23. Nde2 Qxd2 24. Bxd2 Rd3 25. Kf2 Rad8 26. Ra2 Nc6 27. Nd5 Rxb3 28. Be3
c4 29. Bc5 Rb2 30. Rxb2 Bxb2 31. f4 Kg7 32. e5 Nxa5 33. Bxa7 Nb3 34. Bb6 Rd7 35.
Rb1 Ba3 36. Nec3 Bc5+ 37. Bxc5 Nxc5 38. Rb6 Nc7 39. Nxc7 Rxc7 40. Ke3 Rd7 41.
Bd5 Kf8 42. Rf6 Ke8 43. g4 Re7 44. Kd4 Nb3+ 45. Ke3 Nc5 46. h4 Nd7 47. Rd6 Nc5
48. h5 Rd7 49. hxg6 hxg6 50. Rxd7 Nxd7 51. Kd4 Nb6 52. Bf3 Ke7 53. Kc5 Nd7+ 54.
Kd4 Nb6 55. f5 gxf5 56. gxf5 Kf8 57. Kc5 Nc8 58. f6 Na7 59. Kb6 Nc8+ 60. Kc7 Na7
61. Kb6 Nc8+ 62. Kc5 Na7 63. Bg4 Nc6 64. Kd6 Nd4 65. Ne4 b5 66. Nc5 c3 67. Nd7+
Kg8 68. e6 Nxe6 69. Bxe6 c2 70. Ke7 c1=Q 71. Bxf7+ Kh8 72. Be6 Qg5 73. Ke8 Bc8
74. f7 Bxd7+ 75. Bxd7 Qe5+ 76. Kd8 Kg7 77. Be8 Kf8 78. Kd7 b4 0-1

[Event "Druzynowe Mistrzostwa Polski Juniorow - Ekstraliga 2021"]
[Site "Lublin"]
[Date "1899-12-30"]
[Round "8.8"]
[White "Piechota, Kamil"]
[Black "Krupinski, Mikolaj"]
[Result "1-0"]
[WhiteTitle "I"]
[BlackTitle "I"]
[WhiteElo "1649"]
[BlackElo "1830"]

1. e4 e6 2. d4 d5 3. Nc3 Bb4 4. exd5 exd5 5. Bd3 Nc6 6. Nge2 Nge7 7. O-O O-O 8.
a3 Bxc3 9. bxc3 Bf5 10. Nf4 Qd7 11. Qh5 Rad8 12. Re1 Bxd3 13. Nxd3 Qf5 14. Qxf5
Nxf5 15. Bf4 Nd6 16. Nc5 Na5 17. Re7 Nb5 18. Bxc7 Nxc7 19. Rxc7 Rc8 20. Rxc8 Rxc8
21. Re1 g6 22. Rb1 b6 23. Na4 Rc4 24. Rb4 b5 25. Nb2 Rxc3 26. Rxb5 Rxa3 27. Kf1
Nc4 28. Nxc4 dxc4 29. Ke2 Ra4 30. Kd2 Kg7 31. Kc3 Kf6 32. Rb4 Ra1 33. Rxc4 Rh1
34. Rc6+ Ke7 35. Rc7+ Ke6 36. Rxa7 Rxh2 37. Kd3 Rxg2 38. Ke3 h5 39. c4 f5 40.
d5+ Kd6 41. Ra6+ Kd7 42. c5 Rg1 43. Ra7+ Kc8 44. Kd4 h4 45. c6 Rc1 46. Ke5 h3
47. Kd6 Kb8 48. Rh7 Rc3 49. Kd7 g5 50. d6 g4 51. Rh8+ Ka7 52. c7 f4 53. c8=Q Rxc8
54. Kxc8 g3 55. fxg3 fxg3 56. Rxh3 1-0